La Gralla : publicació setmanal publicació setmanal
Descripción Física:
Il. ; 35 cm
MARC
| LEADER | 00000nam a2200000Ia 4500 | ||
|---|---|---|---|
| 001 | 16141 | ||
| 008 | 160829s1926 xx 000 0 cat d | ||
| 008 | 160829s9999 xx 000 0 cat d | ||
| 080 | |a Revistes | ||
| 245 | |a La Gralla : |b publicació setmanal | ||
| 260 | |a Granollers: |b Impr. Garrell, |c 1926 | ||
| 300 | |a Il. ; |c 35 cm | ||
| 362 | |a Any 1, núm. 1 (1 maig 1921)- | ||
| 590 | |a Setmanal. | ||
| 590 | |a Descripció basada en: Any VI, número 282 (28 novembre 1926). | ||
| 590 | |a Suplement: Els qui més han fet perquè Granollers tingui la Biblioteca. | ||
| 590 | |a Prové de G-492. | ||
| 590 | |a Prové de 4178, exp. 101 | ||
| 650 | |a Premsa comarcal |x Granollers (Vallès Oriental) |9 47061 | ||
| 650 | |a Granollers (Vallès Oriental) |x Revistes |9 47062 | ||
| 866 | |a Any 4, 1926 (282) | ||
| 901 | |a Arxiu | ||
| 942 | |n 1 | ||
| 952 | |0 0 |1 0 |4 0 |6 REVISTES |7 1 |9 53635 |a Arxiu |b Arxiu |d 2016-12-01 |l 0 |o Revistes |p 16141 |r 2016-12-01 00:00:00 |w 2016-12-01 |y ARXIU | ||
| 999 | |c 57501 |d 57501 | ||